000
00247nam a2200109Ia 4500
008
200302s9999 xx 000 0 und d
100
_a
John Berger
245
_a
Durer
260
_b
Benedikt Taschien Verlag Gmbh
260
_c
1994
300
_a
95 P.,
999
_c
2347
_d
2347